000 00529nam a2200169 i 4500
001 147094
003 ES-MaACL
005 20230906201810.0
007 t|
008 070921s1952 dr |||| | spa d
100 1 _aTurull Ricart, José A.
_9111765
245 1 4 _aUna conciencia de soberanía /
_cJosé Turull Ricart.
260 _aCiudad Trujillo (República Dominicana) :
_bEditora del Caribe,
_c1952.
300 _a36 p. ;
_c26 cm.
650 4 _aSoberanía-
_zRepública Dominicana.
_9169302
852 _aES-MaACL
_j1950-F-26
999 _c147094
_d147094